00440nam a2200157Ia 4500020001500000040000800015082002600023100002200049245002800071250001100099260004600110300003600156500005200192650002400244650001400268 a0074525638 cOSU a636 HIL 1990 A090 Or.1 aHungerford, T. G.10aDiseases of livestock / a9th ed aSydney ;aNew York :bMcGraw-Hill,cc1990 axxvii, 1942 p. :bill. ;c29 cm aCover title: Hungerford's Diseases of livestock 0aVeterinary medicine 0aLivestock